00763 2200277 4500001002100000005001500021035002000036007000300056040001700059100002700076245006300103250001400166300004000180041000800220082001200228084001800240090002300258264004100281336002100322337003000343338002300373650001600396850001000412008004100422990002200463INLIS00000000000795420260529111512 a0010-0922000443ta aSBPUPADbind0 aOka A YoetyePengarang1 aKomersialisasi Seni Budaya Dalam Pariwisata /cOka A Yoety a.--Cet. 1 axv,60 hlm :billus. ;c14,5 x 21 cm aind a658.919 a658.919 OKA k a658.919 OKA k 23-1 a.--Bandung; :bOffset Angkasa,c1983 2rdacontentateks 2rdamediaatanpa perantara 2rdacarrieravolume 4aSeni Budaya aPUPAD260529 0  a0245/A/ARPUS/2005